Statistics for Countries by Road Network Shape

Click here to take the quiz!

General Stats

  • This quiz has been taken 45,879 times
    (45,245 since last reset)
  • The average score is 15 of 19

Answers on the Map

Answers color-coded by a green-red scale on the quiz's map according to % correct below.
 

Answer Stats

Answer% Correct
United States
99%
Australia
98%
Italy
98%
Mexico
96%
Chile
92%
Germany
92%
China
90%
Croatia
86%
Portugal
79%
Iran
76%
Egypt
75%
Sweden
75%
Netherlands
73%
Poland
68%
South Africa
67%
Malaysia
63%
Vatican City
50%
Democratic Republic of the Congo
46%
Singapore
37%

Score Distribution

Percentile by Number Answered

Percent of People with Each Score

Your Score History

You have not taken this quiz since the last reset